स्वच्छ पर्यावरण स्वस्थ जीवन / (Record no. 51145)

MARC details
000 -LEADER
fixed length control field 01206nam a22002777a 4500
005 - DATE AND TIME OF LATEST TRANSACTION
control field 20080929101452.0
008 - FIXED-LENGTH DATA ELEMENTS--GENERAL INFORMATION
fixed length control field 080929t xxu||||| |||| 00| 0chin d
010 ## - LCCN (DPL NO)
LC control number HIN-92080
020 ## - INTERNATIONAL STANDARD BOOK NUMBER
International Standard Book Number 9788188441327
Terms of availability 300.00
035 ## - SYSTEM CONTROL NUMBER
System control number HN-64426
037 ## - SOURCE OF ACQUISITION
Source of stock number/acquisition DBAD / PUB
040 ## - CATALOGING SOURCE
Original cataloging agency DPL
Language of cataloging HN
082 ## - DEWEY DECIMAL CLASSIFICATION NUMBER
Classification number 363.7
100 ## - MAIN ENTRY--PERSONAL NAME
9 (RLIN) 26640
Personal name गर्ग, सी.एल
245 ## - TITLE STATEMENT
Title स्वच्छ पर्यावरण स्वस्थ जीवन /
Statement of responsibility, etc सी.एल. गर्ग
246 ## - VARYING FORM OF TITLE
Title proper/short title Swachha Parayavaran : Swasthya Jeevan
Remainder of title by C.L. Garg
260 ## - PUBLICATION, DISTRIBUTION, ETC. (IMPRINT)
Place of publication, distribution, etc दिल्ली
Name of publisher, distributor, etc प्रथम प्रकाशन गृह
Date of publication, distribution, etc 2009
270 ## - ADDRESS
Address 1/10038 -ई, गली न. 3, पश्चिमी गोरख पार्क शाहदरा
City दिल्ली
Postal code 110032
Telephone number 011-229699652, 09868990519
300 ## - PHYSICAL DESCRIPTION
Extent 190पृ.
Dimensions 22सेमी (सजिल्द)
650 ## - SUBJECT ADDED ENTRY--TOPICAL TERM
9 (RLIN) 697
650 ## - SUBJECT ADDED ENTRY--TOPICAL TERM
9 (RLIN) 698
700 ## - ADDED ENTRY--PERSONAL NAME
9 (RLIN) 26643
710 ## - ADDED ENTRY--CORPORATE NAME
9 (RLIN) 26662
942 ## - ADDED ENTRY ELEMENTS (KOHA)
Source of classification or shelving scheme Dewey Decimal Classification
Item type Hindi Books
Classification part 363.7
Call number suffix गर्गसी
Holdings
Withdrawn status Lost status Source of classification or shelving scheme Damaged status Not for loan Collection code Home library Current library Date acquired Source of acquisition Cost, normal purchase price Total Checkouts Full call number Barcode Date last seen Copy number Cost, replacement price Koha item type
    Dewey Decimal Classification   Not For Loan Non-fiction D.B.Act.Division D.B.Act.Division 18/03/2011 DBAD / PUB 300.00   363.7 गर्गसी HN-64426 18/03/2011 1 300.00 Hindi Books

© Delhi Public Library
Hit Counter
free hit counter